| 000 | 00688nam a2200289Ia 4500 | ||
|---|---|---|---|
| 005 | 20260324121817.0 | ||
| 008 | 008 260324s9999 xx 000 0 eng d | ||
| 020 | _a9780203553343 | ||
| 037 | _aEBOOK | ||
| 040 | _aCRL | ||
| 040 | _beng | ||
| 040 | _cCRL | ||
| 041 | _2eng | ||
| 041 | _aeng | ||
| 084 | _qCRL | ||
| 100 |
_aDave Stevenson; Nik Rawlinson _91163969 |
||
| 245 | 0 | _aFocus On Photoshop Lightroom | |
| 245 | 0 | _bFocus on the Fundamentals | |
| 260 | _bTaylor and Francis | ||
| 260 | _c2013 | ||
| 365 | _a | ||
| 365 | _b230 | ||
| 856 | _uhttp://www.taylorfrancis.com/books/9780203553343 | ||
| 942 | _cEBOOK | ||
| 999 |
_c1756292 _d1756292 |
||